Lista skoczków narciarskich ze zwycięstwem w Pucharze Świata - Statystyki

Ogólne statystyki
  • Ten quiz został rozwiązany 49 razy
  • Średni wynik to 12 z 20
Statystyki odpowiedzi
Nr Liczba wygranych Zawodnik % Poprawnych
39 Kamil Stoch
98%
2 46 Stefan Kraft
98%
4 39 Adam Małysz
93%
7 36 Janne Ahonen
91%
6 37 Ryoyu Kobayashi
86%
1 53 Gregor Schlierenzauer
80%
20 17 Noriaki Kasai
73%
46 Matti Nykänen
68%
13 23 Simon Ammann
68%
25 Halvor Egner Granerud
64%
9 28 Martin Schmitt
64%
12 24 Peter Prevc
57%
18 Domen Prevc
52%
15 22 Severin Freund
52%
16 20 Andreas Goldberger
48%
17 18 Sven Hannawald
34%
8 33 Jens Weissflog
32%
10 25 Andreas Felder
20%
23 Thomas Morgenstern
16%
18 Andreas Widhölzl
5%
Nie znaleziono quizów pasujących do podanych kryteriów
Rozkład punktacji
Procent ludzi z każdym wynikiem
Percentyl według liczby udzielonych odpowiedzi
Twoja historia wyników
Nie rozwiązałeś tego quizu